[Event "SVK-chT2A 1314"]
[Site "Slovakia"]
[Date "2013.10.19"]
[Round "1.6"]
[White "Sebo, Viktor"]
[Black "Dvorsky, Jozef"]
[Result "0-1"]
[WhiteElo "2039"]
[BlackElo "2013"]
[PlyCount "54"]
[EventDate "2013.10.19"]
[EventType "team-tourn"]
[EventRounds "11"]
[EventCountry "SVK"]
[SourceTitle "EXT 2015"]
[Source "ChessBase"]
[SourceDate "2014.11.20"]
[SourceVersion "1"]
[SourceVersionDate "2014.11.20"]
[SourceQuality "1"]
[WhiteTeam "Bratislava KSN"]
[BlackTeam "Gabcikovo"]
[WhiteTeamCountry "SVK"]
[BlackTeamCountry "SVK"]

1. e4 c5 2. Nf3 Nc6 3. d4 cxd4 4. Nxd4 e5 5. Nb5 a6 6. Nd6+ Bxd6 7. Qxd6 Qf6 8. Qd1 Qg6 9. Nc3 d5 10. Nxd5 Qxe4+ 11. Ne3 Nf6 12. Bd3 Qh4 13. 0-0 0-0 14. c3 Be6 15. Qc2 Rac8 16. Bc4 Bxc4 17. g3 Nd4 18. cxd4 Qh3 19. Nxc4 Rxc4 20. Qe2 exd4 21. Re1 d3 22. Qxd3 Ng4 23. Be3 Qxh2+ 24. Kf1 Qh1+ 25. Ke2 Qc6 26. Kd1 Rc8 27. Bd4 Rxd4 0-1

[Event "SVK-chT4 A22 1314"]
[Site "Slovakia"]
[Date "2013.10.06"]
[Round "1.3"]
[White "Polak, Peter"]
[Black "Dvorsky, Jozef"]
[Result "0-1"]
[WhiteElo "1631"]
[BlackElo "2013"]
[PlyCount "100"]
[EventDate "2013.10.06"]
[EventType "team-tourn"]
[EventRounds "11"]
[EventCountry "SVK"]
[SourceTitle "EXT 2015"]
[Source "ChessBase"]
[SourceDate "2014.11.20"]
[SourceVersion "1"]
[SourceVersionDate "2014.11.20"]
[SourceQuality "1"]
[WhiteTeam "Dolna Krupa SK"]
[BlackTeam "Gabcikovo Russel II"]
[WhiteTeamCountry "SVK"]
[BlackTeamCountry "SVK"]

1. e4 c5 2. Nf3 Nc6 3. d4 cxd4 4. Nxd4 e5 5. Nb5 a6 6. Nd6+ Bxd6 7. Qxd6 Qf6 8. Qd1 Qg6 9. f3 Nge7 10. Qd2 d6 11. Qg5 d5 12. Qxg6 hxg6 13. exd5 Nb4 14. Na3 Nbxd5 15. c3 Be6 16. Nc4 Nf5 17. Nxe5 Ng3 18. Rg1 Rxh2 19. Bd3 Nf5 20. Kf2 0-0-0 21. Bxf5 gxf5 22. Rd1 f6 23. Ng6 Bf7 24. Nf4 Nb6 25. Rxd8+ Kxd8 26. b3 g5 27. Be3 Nd7 28. Nd3 f4 29. Bd4 Kc7 30. Re1 Kd6 31. Kg1 Rh5 32. Kf2 Bg6 33. Nb2 Bf7 34. c4 b6 35. Na4 Kc6 36. Re7 Rh7 37. Re1 f5 38. Re2 g4 39. fxg4 fxg4 40. Re1 b5 41. cxb5+ axb5 42. Nb2 Bd5 43. Nd3 g3+ 44. Kg1 f3 45. Rc1+ Kd6 46. gxf3 Bxf3 47. Kf1 Be4 48. Nf4 Rh1+ 49. Bg1 Ke5 50. Ng2 Bd3+ 0-1

[Event "SVK-chT2A 1213"]
[Site "Slovakia"]
[Date "2013.03.16"]
[Round "10.4"]
[White "Doucha, Ludvig"]
[Black "Dvorsky, Jozef"]
[Result "1/2-1/2"]
[WhiteElo "2072"]
[BlackElo "2020"]
[PlyCount "40"]
[EventDate "2012.10.13"]
[EventType "team-tourn"]
[EventRounds "11"]
[EventCountry "SVK"]
[SourceTitle "EXT 2015"]
[Source "ChessBase"]
[SourceDate "2014.11.20"]
[SourceVersion "1"]
[SourceVersionDate "2014.11.20"]
[SourceQuality "1"]
[WhiteTeam "Trnava Lokomotiva II"]
[BlackTeam "Gabcikovo"]
[WhiteTeamCountry "SVK"]
[BlackTeamCountry "SVK"]

1. e4 c5 2. c4 Nc6 3. Ne2 g6 4. d4 cxd4 5. Nxd4 Bg7 6. Be3 Nf6 7. Nc3 0-0 8. Be2 d6 9. 0-0 a6 10. Kh1 h5 11. h3 Nxd4 12. Bxd4 Be6 13. b3 Rc8 14. Rc1 Qa5 15. f4 b5 16. f5 Bd7 17. fxg6 fxg6 18. Nd5 Nxd5 19. exd5 Bxd4 20. Qxd4 Qxa2 1/2-1/2

[Event "SVK-chT2A 1213"]
[Site "Slovakia"]
[Date "2013.02.17"]
[Round "9.4"]
[White "Dvorsky, Jozef"]
[Black "Jurcak, Marian"]
[Result "1-0"]
[WhiteElo "2020"]
[BlackElo "1872"]
[PlyCount "109"]
[EventDate "2012.10.13"]
[EventType "team-tourn"]
[EventRounds "11"]
[EventCountry "SVK"]
[SourceTitle "EXT 2015"]
[Source "ChessBase"]
[SourceDate "2014.11.20"]
[SourceVersion "1"]
[SourceVersionDate "2014.11.20"]
[SourceQuality "1"]
[WhiteTeam "Gabcikovo"]
[BlackTeam "Devinska Nova Ves II"]
[WhiteTeamCountry "SVK"]
[BlackTeamCountry "SVK"]

1. e4 c5 2. Nf3 Nf6 3. e5 Nd5 4. d4 cxd4 5. Qxd4 e6 6. c3 b6 7. Bb5 Qc7 8. a3 Nc6 9. Qe4 Bb7 10. 0-0 Na5 11. Qe2 Nb3 12. Ra2 Nxc1 13. Rxc1 a6 14. Bd3 Nf4 15. Qe3 Nxd3 16. Qxd3 g6 17. Nbd2 Bh6 18. Re1 0-0 19. Ne4 Bxe4 20. Rxe4 Rfd8 21. Rd4 Bg7 22. Ra1 f6 23. Rd1 fxe5 24. Rxd7 Rxd7 25. Qxd7 Qxd7 26. Rxd7 Bf6 27. Rd6 e4 28. Nd4 Kf7 29. Rxb6 Ra7 30. Nxe6 Rd7 31. Kf1 a5 32. Ke2 a4 33. Nc5 Re7 34. Rb4 e3 35. fxe3 Bg5 36. e4 Bf4 37. Rxa4 Bxh2 38. Kf3 Bd6 39. Nd3 Rb7 40. e5 Be7 41. Ke4 h5 42. c4 g5 43. c5 Bxc5 44. Nxc5 Rxb2 45. Ra7+ Kg6 46. Ra6+ Kg7 47. Ne6+ Kh6 48. Nf4+ Kh7 49. Nxh5 Rxg2 50. Kf5 g4 51. Nf6+ Kg7 52. Ra7+ Kf8 53. Nxg4 Rg1 54. Nf6 Rf1+ 55. Ke6 1-0

[Event "SVK-chT2A 1213"]
[Site "Slovakia"]
[Date "2013.02.02"]
[Round "7.5"]
[White "Petreje, Juraj"]
[Black "Dvorsky, Jozef"]
[Result "1/2-1/2"]
[WhiteElo "2150"]
[BlackElo "2020"]
[PlyCount "36"]
[EventDate "2012.10.13"]
[EventType "team-tourn"]
[EventRounds "11"]
[EventCountry "SVK"]
[SourceTitle "EXT 2015"]
[Source "ChessBase"]
[SourceDate "2014.11.20"]
[SourceVersion "1"]
[SourceVersionDate "2014.11.20"]
[SourceQuality "1"]
[WhiteTeam "Krasnany"]
[BlackTeam "Gabcikovo"]
[WhiteTeamCountry "SVK"]
[BlackTeamCountry "SVK"]

1. Nf3 f5 2. g3 Nf6 3. Bg2 e6 4. 0-0 d5 5. b3 Bd6 6. d3 e5 7. Nbd2 0-0 8. Bb2 Qe7 9. e4 fxe4 10. dxe4 d4 11. Ne1 c5 12. a4 Nc6 13. Nc4 Bc7 14. Nd3 Be6 15. Nd2 a6 16. Ba3 Bd6 17. Nc4 Bxc4 18. bxc4 Na5 1/2-1/2

[Event "SVK-chT2A 1213"]
[Site "Slovakia"]
[Date "2012.12.16"]
[Round "6.4"]
[White "Blaho, Stefan"]
[Black "Dvorsky, Jozef"]
[Result "1/2-1/2"]
[WhiteElo "2134"]
[BlackElo "2020"]
[PlyCount "56"]
[EventDate "2012.10.13"]
[EventType "team-tourn"]
[EventRounds "11"]
[EventCountry "SVK"]
[SourceTitle "EXT 2015"]
[Source "ChessBase"]
[SourceDate "2014.11.20"]
[SourceVersion "1"]
[SourceVersionDate "2014.11.20"]
[SourceQuality "1"]
[WhiteTeam "Dunajska Streda II"]
[BlackTeam "Gabcikovo"]
[WhiteTeamCountry "SVK"]
[BlackTeamCountry "SVK"]

1. d4 f5 2. c4 e6 3. Nf3 Nf6 4. Nc3 d5 5. g3 c6 6. Bg2 Bd6 7. Bf4 0-0 8. Bxd6 Qxd6 9. c5 Qc7 10. Ne5 Nbd7 11. f4 b6 12. b4 Nxe5 13. fxe5 Ne4 14. Bxe4 fxe4 15. Kd2 bxc5 16. bxc5 Ba6 17. Qa4 Bc4 18. Rab1 Rab8 19. Kc2 a6 20. Rxb8 Rxb8 21. Rb1 Bb5 22. Qa3 Qf7 23. Qc1 Qf2 24. Qd2 e3 25. Qe1 Ba4+ 26. Kd3 Bb5+ 27. Kc2 Ba4+ 28. Kd3 Bb5+ 1/2-1/2

[Event "SVK-chT2A 1213"]
[Site "Slovakia"]
[Date "2012.12.01"]
[Round "3.5"]
[White "Mruskovic, Radoslav"]
[Black "Dvorsky, Jozef"]
[Result "1/2-1/2"]
[WhiteElo "1977"]
[BlackElo "2020"]
[PlyCount "76"]
[EventDate "2012.10.13"]
[EventType "team-tourn"]
[EventRounds "11"]
[EventCountry "SVK"]
[SourceTitle "EXT 2015"]
[Source "ChessBase"]
[SourceDate "2014.11.20"]
[SourceVersion "1"]
[SourceVersionDate "2014.11.20"]
[SourceQuality "1"]
[WhiteTeam "Modra II"]
[BlackTeam "Gabcikovo"]
[WhiteTeamCountry "SVK"]
[BlackTeamCountry "SVK"]

1. d4 d5 2. c4 e6 3. Nc3 Nf6 4. Nf3 Be7 5. g3 0-0 6. Bg2 c6 7. 0-0 Nbd7 8. Qc2 dxc4 9. e4 b5 10. a3 Bb7 11. Re1 a5 12. Bf4 Re8 13. Rad1 Qb6 14. Be3 Qa6 15. Re2 c5 16. Red2 b4 17. e5 bxc3 18. exf6 cxd2 19. fxe7 Rxe7 20. dxc5 Bd5 21. Ng5 g6 22. Bxd5 exd5 23. Qxd2 Nf6 24. Nf3 Rd8 25. Bd4 Ne4 26. Qf4 Rde8 27. Ne5 Qe6 28. f3 Nxc5 29. Bxc5 Qxe5 30. Bxe7 Rxe7 31. Qxe5 Rxe5 32. Kf2 h5 33. f4 Rf5 34. Ke3 g5 35. fxg5 Rxg5 36. Kd4 h4 37. Kc5 hxg3 38. hxg3 Rxg3 1/2-1/2

[Event "SVK-chT2A 1213"]
[Site "Slovakia"]
[Date "2012.10.14"]
[Round "2.5"]
[White "Dvorsky, Jozef"]
[Black "Tepper, Frantisek"]
[Result "1/2-1/2"]
[WhiteElo "2020"]
[BlackElo "2162"]
[PlyCount "80"]
[EventDate "2012.10.13"]
[EventType "team-tourn"]
[EventRounds "11"]
[EventCountry "SVK"]
[SourceTitle "EXT 2015"]
[Source "ChessBase"]
[SourceDate "2014.11.20"]
[SourceVersion "1"]
[SourceVersionDate "2014.11.20"]
[SourceQuality "1"]
[WhiteTeam "Gabcikovo"]
[BlackTeam "Bratislava DP"]
[WhiteTeamCountry "SVK"]
[BlackTeamCountry "SVK"]

1. e4 Nc6 2. d4 e5 3. d5 Nce7 4. c4 Ng6 5. Bd3 Bc5 6. Ne2 Nf6 7. h3 d6 8. Bd2 0-0 9. Qc1 Nh5 10. g4 Nhf4 11. Nxf4 exf4 12. Bxf4 Qf6 13. Bg3 Qf3 14. Kd2 Bxf2 15. Bxf2 Qxf2+ 16. Kc3 Ne5 17. Qd2 Qf6 18. Kc2 Nf3 19. Qe3 Nd4+ 20. Kd1 c5 21. Nc3 Bd7 22. Kd2 Qe5 23. Raf1 a6 24. Qf4 f6 25. Rf2 Rfe8 26. Ne2 Nxe2 27. Qxe5 Rxe5 28. Kxe2 b5 29. b3 Rb8 30. Kf3 Ree8 31. Kf4 h6 32. h4 Re5 33. Rg2 Rbe8 34. Rhg1 g6 35. Rf2 Kg7 36. Kg3 Rf8 37. Rgf1 Ree8 38. Rf3 b4 39. a4 a5 40. Bb1 h5 1/2-1/2

[Event "SVK-chT3A2 1011"]
[Site "Slovakia"]
[Date "2011.01.30"]
[Round "7.3"]
[White "Dvorsky, Jozef"]
[Black "Ujhelyi, Matus"]
[Result "0-1"]
[WhiteElo "2024"]
[BlackElo "2006"]
[PlyCount "136"]
[EventDate "2010.10.17"]
[EventType "team-tourn"]
[EventRounds "11"]
[EventCountry "SVK"]
[SourceTitle "EXT 2012"]
[Source "ChessBase"]
[SourceDate "2011.11.24"]
[SourceVersion "1"]
[SourceVersionDate "2011.11.24"]
[SourceQuality "1"]
[WhiteTeam "Gabcikovo Russel"]
[BlackTeam "Dunajska Streda SK III"]
[WhiteTeamCountry "SVK"]
[BlackTeamCountry "SVK"]

1. e4 e6 2. d4 d5 3. e5 c5 4. c3 Nc6 5. Nf3 Qb6 6. Bd3 cxd4 7. cxd4 Bd7 8. Bc2 Nge7 9. Nc3 a6 10. 0-0 Ng6 11. h4 Bb4 12. h5 Nge7 13. Ne2 Qc7 14. h6 g6 15. Bg5 Ng8 16. a3 Be7 17. Be3 Rc8 18. Qd2 f6 19. exf6 Nxf6 20. Ne5 Qb8 21. Nxd7 Kxd7 22. f3 Nh5 23. g4 Ng3 24. Nxg3 Qxg3+ 25. Qg2 Qxg2+ 26. Kxg2 Nxd4 27. Ba4+ Nc6 28. f4 b5 29. Bd1 Rhf8 30. Bf3 Na5 31. f5 Rc2+ 32. Kh1 gxf5 33. Bd4 Nb3 34. Bg7 Nxa1 35. Bxf8 Bxf8 36. gxf5 Nb3 37. fxe6+ Kxe6 38. Bd1 Rc1 39. Kg2 Bxh6 40. Rh1 Rxd1 41. Rxd1 Bd2 42. Kf2 h6 43. Ke2 Ke5 44. Kd3 Ba5 45. Rh1 Nc5+ 46. Ke2 Ne6 47. Rxh6 Bd8 48. Rh5+ Ke4 49. Rh6 Ke5 50. Rh5+ Bg5 51. Rh8 d4 52. Ra8 Nc7 53. Rc8 Kd6 54. b3 Bf4 55. Kd3 Kd5 56. Rd8+ Bd6 57. b4 Ke5 58. Rh8 Ke6 59. Rh6+ Kd5 60. Rh8 Ne6 61. Ra8 Nf4+ 62. Kd2 Ke4 63. Rxa6 Be5 64. a4 Nd5 65. axb5 Bf4+ 66. Ke1 d3 67. Ra1 d2+ 68. Kd1 Kd3 0-1

[Event "SVK-chT3A2 1011"]
[Site "Slovakia"]
[Date "2011.01.16"]
[Round "6.3"]
[White "Szitasi, Janos"]
[Black "Dvorsky, Jozef"]
[Result "1/2-1/2"]
[WhiteElo "2020"]
[BlackElo "2024"]
[PlyCount "114"]
[EventDate "2010.10.17"]
[EventType "team-tourn"]
[EventRounds "11"]
[EventCountry "SVK"]
[SourceTitle "EXT 2012"]
[Source "ChessBase"]
[SourceDate "2011.11.24"]
[SourceVersion "1"]
[SourceVersionDate "2011.11.24"]
[SourceQuality "1"]
[WhiteTeam "Potonska Veza"]
[BlackTeam "Gabcikovo Russel"]
[WhiteTeamCountry "SVK"]
[BlackTeamCountry "SVK"]

1. e4 c5 2. Nf3 Nc6 3. d4 cxd4 4. Nxd4 e5 5. Nxc6 bxc6 6. c4 Nf6 7. Bd3 Be7 8. 0-0 0-0 9. Nc3 Bb7 10. Bg5 Re8 11. Bxf6 Bxf6 12. Qc2 d6 13. a3 Rc8 14. Rfd1 Qe7 15. Be2 Red8 16. Bf3 g6 17. Qa4 Ba8 18. g3 Bg7 19. Qc2 Qe6 20. Qe2 f5 21. h4 Rf8 22. Kg2 Rc7 23. Qd3 Rd8 24. h5 Bf8 25. b4 f4 26. hxg6 Qxg6 27. Qe2 Rg7 28. Bh5 Qg5 29. Rd3 Be7 30. Rh1 Rf8 31. g4 Rf6 32. f3 Rh6 33. Kf1 Qf6 34. Rd2 Qe6 35. b5 Bd8 36. Qd3 Bb6 37. bxc6 Bxc6 38. Nd5 Bc5 39. Rb2 Rd7 40. g5 Rxh5 41. Rxh5 Rg7 42. Nf6+ Kf7 43. Rbh2 Qc8 44. Nxh7 Qa6 45. g6+ Rxg6 46. Rf5+ Kg7 47. Nf8 Rg1+ 48. Ke2 Qa5 49. Qd2 Qa4 50. Ne6+ Kg6 51. Nxc5 Qxc4+ 52. Nd3 Bb5 53. Rf8 Ra1 54. Rg2+ Kh7 55. Rf5 Kh6 56. Rf6+ Kh7 57. Rf5 Kh6 1/2-1/2

[Event "SVK-chT3A2 1011"]
[Site "Slovakia"]
[Date "2010.11.28"]
[Round "4.3"]
[White "Dvorsky, Jozef"]
[Black "Lajda, Dusan"]
[Result "1-0"]
[WhiteElo "2024"]
[BlackElo "1890"]
[PlyCount "65"]
[EventDate "2010.10.17"]
[EventType "team-tourn"]
[EventRounds "11"]
[EventCountry "SVK"]
[SourceTitle "EXT 2012"]
[Source "ChessBase"]
[SourceDate "2011.11.24"]
[SourceVersion "1"]
[SourceVersionDate "2011.11.24"]
[SourceQuality "1"]
[WhiteTeam "Gabcikovo Russel"]
[BlackTeam "Vrbove"]
[WhiteTeamCountry "SVK"]
[BlackTeamCountry "SVK"]

1. e4 c5 2. Nf3 Nc6 3. c4 d6 4. d4 cxd4 5. Nxd4 Nf6 6. Nc3 g6 7. f3 Bg7 8. Be3 a6 9. Qd2 0-0 10. Be2 Bd7 11. 0-0 Rc8 12. Rac1 Nxd4 13. Bxd4 Ne8 14. Nd5 Bxd4+ 15. Qxd4 Be6 16. Nc3 Ng7 17. b4 f5 18. Rfd1 fxe4 19. fxe4 Bf7 20. a3 Qc7 21. Bg4 Ne6 22. Qe3 Rfe8 23. Nd5 Qc6 24. Qh3 Ng5 25. Qe3 Ne6 26. e5 h5 27. Bxe6 Bxe6 28. Qg5 Bxd5 29. Qxg6+ Kh8 30. Qxh5+ Kg8 31. Qg6+ Kh8 32. Rd4 Qb6 33. c5 1-0